书目信息 |
| 题名: |
考研英语(二)阅读真题的逻辑
|
|
| 作者: | 唐迟 , 章晋林 编著 | |
| 分册: | 高频熟词僻义 | |
| 出版信息: | 北京 国家开放大学出版社 2020.07 |
|
| 页数: | 76页 | |
| 开本: | 26cm | |
| 丛书名: | ||
| 单 册: | ||
| 中图分类: | H319.37-44 | |
| 科图分类: | ||
| 主题词: | 英语--阅读--硕士生入学考试--题解 | |
| 电子资源: | ||
| ISBN: | 978-7-304-10448-1 | |
| 000 | 00918nam0 2200253 450 | |
| 001 | 0102100414 | |
| 005 | 20210402100819.0 | |
| 010 | @a978-7-304-10448-1@dCNY29.00 | |
| 100 | @a20200923d2020 em y0chiy50 ea | |
| 101 | 0 | @achi@aeng |
| 102 | @aCN@b110000 | |
| 105 | @ay q 000yy | |
| 106 | @ar | |
| 200 | 1 | @a考研英语(二)阅读真题的逻辑@Akao yan ying yu ( er ) yue du zhen ti de luo ji@e2010-2020@i高频熟词僻义@f唐迟, 章晋林编著 |
| 210 | @a北京@c国家开放大学出版社@d2020.07 | |
| 215 | @a76页@d26cm | |
| 300 | @a慢慢来 | |
| 330 | @a本书对2010-2020年考研英语(二)阅读真题的每一个句子都逐一精析,通过分析每一个句子的成分让学生快速掌握理解长难句的诀窍,轻松取得英语阅读的高分。 | |
| 606 | 0 | @a英语@x阅读@x硕士生入学考试@j题解 |
| 690 | @aH319.37-44@v5 | |
| 701 | 0 | @a唐迟@Atang chi@c(英语)@4编著 |
| 701 | 0 | @a章晋林@Azhang jin lin@4编著 |
| 801 | 0 | @aCN@bBJSZM@c20210402 |
| 905 | @b1274895-9@dH319.37-44@e411@f5 | |
| 考研英语(二)阅读真题的逻辑:2010-2020.高频熟词僻义/唐迟, 章晋林编著.-北京:国家开放大学出版社,2020.07 |
| 76页;26cm |
| 慢慢来 |
| ISBN 978-7-304-10448-1:CNY29.00 |
| 本书对2010-2020年考研英语(二)阅读真题的每一个句子都逐一精析,通过分析每一个句子的成分让学生快速掌握理解长难句的诀窍,轻松取得英语阅读的高分。 |
| ● |
| 相关链接 |
|
|
|
|
正题名:考研英语(二)阅读真题的逻辑
索取号:H319.37-44/411
 
预约/预借
| 序号 | 登录号 | 条形码 | 馆藏地/架位号 | 状态 | 备注 |
| 1 | 1274895 | 212748954 | 第二样本阅览室/ [索取号:H319.37-44/411] | 在馆 | |
| 2 | 1274896 | 212748963 | 教育系资料室/ [索取号:H319.37-44/411] | 在馆 | |
| 3 | 1274897 | 212748972 | 教育系资料室/ [索取号:H319.37-44/411] | 在馆 | |
| 4 | 1274898 | 212748981 | 第四借阅区/ [索取号:H319.37-44/411] | 在馆 | |
| 5 | 1274899 | 212748990 | 第四借阅区/ [索取号:H319.37-44/411] | 在馆 |